Statistics for 25 Least Guessed Countries on JetPunk

Click here to take the quiz!

General Stats

  • This quiz has been taken 47 times
  • The average score is 18 of 25

Answer Stats

ProcentCountry% Correct
28%Saint Kitts and Nevis
89%
27%Marshall Islands
85%
26%Tuvalu
85%
25%Kiribati
83%
29%Saint Lucia
83%
29%Solomon Islands
80%
26%Vanuatu
80%
28%Antigua and Barbuda
78%
23%São Tomé and Príncipe
78%
24%Saint Vincent and the Grenadines
76%
31%Federated States of Micronesia
74%
24%Nauru
74%
30%Samoa
74%
30%Cape Verde
72%
24%Comoros
72%
25%Grenada
72%
25%Palau
72%
31%Seychelles
72%
30%Tonga
67%
30%Brunei
65%
28%Guinea Bissau
61%
29%East Timor
57%
30%Equatorial Guinea
52%
29%Burundi
46%
30%Burkina Faso
33%

Score Distribution

Percentile by Number Answered

Percent of People with Each Score

Your Score History

You have not taken this quiz